Management of habitat fragments in a tropical dry forest: growth (Registro nro. 9858)

Detalles MARC
000 -CABECERA
Campo de control 005130000a22001570004500
090 ## - CLASIFICACIÓN LOCAL
Colección AR
Consecutivo 00767
041 0# - IDIOMA
Código de idioma para texto/pista de sonido o título separado
100 1# - ASIENTO PRINCIPAL--NOMBRE PERSONAL
Nombre personal Janzen, Daniel H.
245 10 - MENCION DE TITULO
Título Management of habitat fragments in a tropical dry forest: growth
650 14 - ASIENTO SECUNDARIO DE MATERIA - TERMINO TEMATICO
Término temático o nombre geográfico como elemento de entrada Bosques secos tropicales
650 14 - ASIENTO SECUNDARIO DE MATERIA - TERMINO TEMATICO
Término temático o nombre geográfico como elemento de entrada Uso del habitat
650 14 - ASIENTO SECUNDARIO DE MATERIA - TERMINO TEMATICO
Término temático o nombre geográfico como elemento de entrada Ecología
651 #4 - ASIENTO SECUNDARIO DE MATERIA - NOMBRE GEOGRAFICO
-- Parque Nacional Santa Rosa
-- Costa Rica
773 1# - Item fuente:
Título Annals of the Missouri Botanical Garden
Especificación de materiales 157
Descripción física 1
Paginas del Articulo 105-116
Lugar, editorial y fecha de publicación 1988
Información sobre la relación 75
942 ## - ELEMENTOS ADICIONALES (KOHA)
Tipo de ítem Artículo
Existencias
Withdrawn status Lost status Damaged status No para préstamo Colección Ubicación Permanente Ubicación actual Fecha de adquisición Datos de publicación Seriada Total Checkouts Número topográfico Inventario / Código de Barras Date last seen Ejemplar Price effective from Forma de adquisición Tipo de material
      No para Préstamo Hemeroteca Bogotá Bogotá 27/02/2015 Fuera de circulación   AR 00767 011087 25/03/2015 1 25/03/2015   Artículo